Biblioteca

Cristología y relaciones judeocristianas (Registro nro. 64818)

Detalles MARC
000 -LÍDER
Campo fijo de descripción fija 01183naa a22002174i 4500
001 - NÚMERO DE CONTROL
Campo de control 768714001
003 - IDENTIFICADOR DEL NÚMERO DE CONTROL
Campo de control CO-MdFUSB
005 - FECHA Y HORA DE LA ULTIMA TRANSACCIÓN
control field 20260313092655.0
008 - ELEMENTOS DE LONGITUD FIJA -- INFORMACIÓN GENERAL
Campo fijo de descripción fija -- Información general 190215s1993 sp ||||| |||| 00| 0 spa d
022 ## - NÚMERO INTERNACIONAL NORMALIZADO PARA PUBLICACIONES SERIADAS
Número Internacional Normalizado para Publicaciones Seriadas 0210-104
040 ## - FUENTE DE CATALOGACIÓN
Agencia Catalogadora CO-MdFUSB
Idioma de catalogación spa
Agencia que realiza la transcripción CO-MdFUSB
Agencia que realiza la modificación CO-MdFUSB
041 ## - CÓDIGO DE IDIOMA
Código de idioma para texto/pista de sonido o título separado spa
100 ## - ASIENTO PRINCIPAL--NOMBRE PERSONAL
Nombre personal Radford Ruether, Rosemary
Término relacionador autor
245 00 - TÍTULO
Título Cristología y relaciones judeocristianas
Mención de responsabilidad / Rosemary Radford Ruether
300 ## - DESCRIPCIÓN FÍSICA
Extensión Número 245 (1993), páginas 171-184
Dimensiones : 21 cm
520 ## - NOTA DE RESUMEN, ETC.
Nota de sumario, etc. La afirmación cristiana de que Jesús de Nazaret es "el Cristo —es decir, el Mesías—" es resultado de una herencia de ideas ancladas en la tradición del siglo I sobre la venida de un redentor al final de los tiempos. Pero la afirmación fue tan retocada y reelaborada por la experiencia cristiana y por la reflexión teológica posterior, que se convirtió en un concepto de muy difícil comprensión y radicalmente inaceptable para el judaísmo.
650 #7 - ASIENTO SECUNDARIO DE MATERIA - TERMINO TEMÁTICO
9 (RLIN) 239
Término temático o nombre geográfico como elemento de entrada Cristología
773 0# - ASIENTO DE ITEM FUENTE
Biblionumber 49450
Itemnumber 60419
Otro identificador del ítem R0327
Título Revista internacional de teología Concilium
Número de control del registro (CO-MdFUSB)8
Número Internacional Normalizado para Publicaciones Seriadas (ISSN) 0210-1041
Parte(s) relacionada(s) / Volumen., número. (mes año), páginas Número 245 (1993), páginas 171-184
Enumeración y primera página Página 171
942 ## - TIPO DE MATERIAL (KOHA)
Tipo de Item KOHA Artículos de Revista
945 ## - INFORMACIÓN LOCAL DEL REGISTRO
Catalogador JTF-925

No hay ítems disponibles.

Biblioteca FUSBC | Teléfono: (57+4) 349 88 10 Ext. 141| WhatsApp (+57) 3005338115 
E-mail: biblioteca@unisbc.edu.co | Calle 76 87-14 Robledo Palenque, Medellín, Colombia

Con tecnología Koha